Mort subite Quels albums d'Astérix existent ? - Statistiques

Statistiques générales
  • Ce quiz a été pris 5 547 fois
  • Le résultat moyen est 3 sur 17
Answers on the Grid
Answers color-coded by a green-red scale on the quiz's grid according to % correct below.
Astérix en Gaule
La serpe d'or
Astérix et les Germains
Astérix légionnaire
Astérix et le tour de Gaule
Astérix et Cléopâtre
La guerre des chefs
Astérix en Bretagne
Astérix et les Normands
Le trophée arverne
Astérix aux Jeux Olympiques
Astérix et la potion magique
Astérix en Lusitanie
La Zizanie
Astérix en Hispanie
Astérix en Helvétie
Le domaine des Dieux
Les lauriers de César
Le prophète
Astérix chez les Corses
Le présent de César
La grande expédition
Cie Obélix
Astérix et les Belges
Le grand fossé
L'odyssée d'Astérix
Le fils d'Astérix
Astérix et Shéhérazade
Le Glaive et la Rose
La galère d'Astérix
Astérix et La Traviata
Astérix et la rentrée gauloise
Le ciel leur tombe sur la tête
L'anniversaire d'Astérix et Obélix
Astérix chez les Pictons
Le plan de César
Astérix et la Transitalique
La fille d'Astérix
Astérix et le griffon
L'iris blanc
 
Statistiques - réponses
Réponse % Correct
La serpe d'or
79%
Astérix légionnaire
47%
Astérix et Cléopâtre
32%
Astérix aux Jeux Olympiques
27%
Astérix et les Normands
17%
La Zizanie
16%
Le domaine des Dieux
13%
Astérix en Hispanie
10%
Les lauriers de César
9%
Le fils d'Astérix
7%
Le grand fossé
6%
L'odyssée d'Astérix
6%
L'iris blanc
5%
Astérix et le griffon
4%
Astérix et la Transitalique
3%
Astérix et la rentrée gauloise
2%
L'anniversaire d'Astérix et Obélix
1%
Aucun quiz correspondant
Distribution des résultats
% des personnes avec chaque résultat
Percentile par nombre de réponses
Votre historique - résultats
Vous n’avez pas pris ce quiz